| 000 | 00892pam a22002414a 4500 | ||
|---|---|---|---|
| 020 | _a141290983X (cloth) | ||
| 020 | _a1412909848 (pbk.) | ||
| 040 | _cDLC | ||
| 082 | 0 | 0 | _a370 COR 2005 A070 Or. |
| 245 | 0 | 0 |
_a12 brain/mind learning principles in action : _bthe fieldbook for making connections, teaching, and the human brain / |
| 246 | 3 | _aTwelve brain/mind learning principles in action | |
| 260 |
_aThousand Oaks, Calif. : _bCorwin Press, _cc2005. |
||
| 300 |
_axvi, 263 p. : _bill. ; _c29 cm. |
||
| 650 | 0 | _aLearning, Psychology of. | |
| 650 | 0 | _aLearning | |
| 650 | 0 | _aBrain. | |
| 650 | 0 | _aTeaching. | |
| 700 | 1 | _aCaine, Renate Nummela. | |
| 856 | 4 | 1 | _uhttp://www.loc.gov/catdir/toc/ecip0419/2004014961.html |
| 856 | 4 | 2 | _uhttp://www.loc.gov/catdir/enhancements/fy0658/2004014961-d.html |
| 856 | 4 | 2 | _uhttp://www.loc.gov/catdir/enhancements/fy0734/2004014961-b.html |
| 942 | _cEK | ||
| 999 |
_c14818 _d14818 |
||